000 00257nam a2200109Ia 4500
005 20251222153630.0
008 251222s9999||||xx |||||||||||||| ||spa||
082 _a869.557/S3Ñ
100 _a"Segura, Manuel Ascensio "
245 0 _aÑa Catita
942 _cLIB
999 _c32341
_d32341